header

Finance and development (Record no. 42160)

MARC details
000 -LEADER
fixed length control field 01767nam a2200397Ia 4500
245 00 - TITLE STATEMENT
Title Finance and development
260 ## - PUBLICATION, DISTRIBUTION, ETC. (IMPRINT)
Place of publication Washington, D.C. :
Name of publisher International Monetary Fund,
Year of publication 2007.
300 ## - PHYSICAL DESCRIPTION
Number of Pages 57 p. :
Other physical details ill., ports.
490 1# - SERIES STATEMENT
Series statement Finance and development,
500 ## - GENERAL NOTE
General note "December 2007".
650 #0 - SUBJECT ADDED ENTRY--TOPICAL TERM
Topical Term Globalization
Topical Term Twenty-first century
Topical Term International relations
Topical Term International economic relations
700 1# - ADDED ENTRY--PERSONAL NAME
Personal name Wallace, Laura.
856 40 - ELECTRONIC LOCATION AND ACCESS
Uniform Resource Identifier http://site.ebrary.com/lib/rucke/Doc?id=10348718

No items available.

© 2026 Rongo University
Contact us: librarian | system librarian | Rongo university